| 000 | 01082nam0a22002891 4500 | ||
|---|---|---|---|
| 001 | rc\2225603 | ||
| 005 | 20250623064906.0 | ||
| 035 | _a(NLR Aleph) 006645044 | ||
| 090 |
_a4734364 _c4734364 |
||
| 100 | _a20110829g19791980|||y0rusy50 ca | ||
| 101 | 0 | _arus | |
| 102 | _aRU | ||
| 105 | _ay z ||||| | ||
| 200 | 1 |
_aКритика буржуазных фальсификаций современной деятельности ВЛКСМ _fСулемов В.А., д. ист. н., проф. |
|
| 210 |
_aМосква _cБ. и. _d1979 (вып. дан. 1980) |
||
| 215 |
_a55 с. _d21 |
||
| 225 | 1 | _aБиблиотечка "Проблемы идеологической борьбы на современном этапе" | |
| 300 | _aВ надзаг.: ЦК ВЛКСМ | ||
| 320 | _aБиблиогр.: с. 54 | ||
| 700 | 1 |
_aСулемов _bВ.А. _gВладимир Александрович |
|
| 801 | 0 |
_aRU _bNLR _gpsbo |
|
| 801 | 1 |
_aRU _bELAR _2rusmarc |
|
| 852 |
_aNLR _j80-4/24288 |
||
| 899 |
_aRuMoRGB _jM 80-18/193 |
||
| 899 |
_aRuMoRGB _jM 80-18/194 |
||
| 942 | _cBOOK | ||
| 980 | _aNB | ||